00541nam a2200169Ia 4500003000400000008004100004040001600045082001900061100002800080245009600108300001100204490005800215650001900273650003600292650001900328650002400347GCL140319s9999 xx 000 0 ara d aGCL / cGCL04a953.022bا ح1 aالياس شوفانى10aحروب الردة?: دراسة نقدية فى المصادر / cالياس شوفانى a224 ص aالهيئة العامة للاستعلاماتv004aالاسلام04aالتاريخ الاسلامى04aالتاريخ04aحروب الردة